Statistics for Switzerland - France UEFA Euro 2016

Click here to take the quiz!

General Stats

  • This quiz has been taken 24 times
  • The average score is 18 of 29

Answer Stats

Answer % Correct
Antoine Griezmann
95%
Yann Sommer
90%
Paul Pogba
90%
Granit Xhaka
90%
Xherdan Shaqiri
90%
Hugo Lloris
90%
Dimitri Payet
81%
Breel Embolo
76%
Bacary Sagna
71%
Laurent Koscielny
71%
Ricardo Rodriguez
71%
André-Pierre Gignac
62%
Adil Rami
62%
Blaise Matuidi
62%
Haris Seferovic
62%
Patrice Evra
57%
Didier Deschamps
52%
Valon Behrami
52%
Stephan Lichtsteiner
52%
Blerim Džemaili
52%
Johan Djourou
48%
Kingsley Coman
43%
Moussa Sissoko
43%
Michael Lang
43%
Fabian Schär
43%
Admir Mehmedi
43%
Vladimir Petkovic
38%
Yohan Cabaye
38%
Gelson Fernandes
24%

Score Distribution

Percentile by Number Answered

Percent of People with Each Score

Your Score History

You have not taken this quiz